| 000 | 01068na a2200349 4500 | ||
|---|---|---|---|
| 001 | 14599 | ||
| 003 | MIRAKIL | ||
| 005 | 20181213155311.0 | ||
| 008 | 161028b tu 000 0 | ||
| 020 | _a9786053992448 | ||
| 035 | _a14599 | ||
| 040 |
_aMilas _btur _cTR-AnCHP |
||
| 041 | _atur | ||
| 082 |
_a320.51 _bD26d 2012 |
||
| 090 | _a320.51 D26d 2012 | ||
| 100 | _aDardot, Pierre | ||
| 245 |
_aDünyanın yeni aklı _bNeoliberal toplum üzerine deneme _cPierre Dardot, Christian Laval ; çeviren Işık Ergüden |
||
| 246 | _aNeoliberal toplum üzerine deneme | ||
| 260 |
_aİstanbul _bİstanbul Bilgi Üniversitesi Yayınları _c2012 |
||
| 300 |
_axiii, 462 s. _c23 sm. |
||
| 440 |
_aİstanbul Bilgi Üniversitesi yayınları _v387 |
||
| 490 |
_aKavramlar ve Pratikler _v1 |
||
| 500 | _aDizin var. | ||
| 650 | _aGirişimcilik | ||
| 650 | _aKapitalizm | ||
| 650 |
_aSiyaset felsefesi _xEkonomik liberalizm |
||
| 650 | _aNeoliberalizm | ||
| 650 | _aLiberalizm | ||
| 700 | _aErgüden, Işık | ||
| 700 | _aLaval, Christian | ||
| 942 |
_2ddc _cBKS |
||
| 999 |
_c10216 _d10216 |
||